000 00370nam a22001217a 4500
999 _c1986
_d1986
005 20200907115758.0
008 200907b ||||| |||| 00| 0 eng d
020 _a0198164009
040 _cCML
245 _aDalcroze Today: An Education Through and Into Music.
_cBachmann, M.
260 _aOxford
_bClarendon Press
_c1991
942 _2ddc
_cBK
_h781.22
_mBAC